| 000 | 02041nam a2200289Ia 4500 | ||
|---|---|---|---|
| 999 |
_c52013 _d52013 |
||
| 001 | 19017 | ||
| 003 | GE_BSU | ||
| 005 | 20220920154020.0 | ||
| 008 | 181216s2008||||ge |||||||||||||| ||geo|| | ||
| 040 | _cGE_BSU | ||
| 041 | _ageo | ||
| 080 | _a811.111 თ-15 | ||
| 100 |
_aთავაძე, ლალი _910478 |
||
| 245 |
_aდროისა და ადგილის დეიქსისი,როგორც ენობრივ - კულტურული ფენომენი და მისი ვერბალიზაცია ინგლისურ ენაში : დისერტაცია / _cლალი თავაძე; სამეცნიერო ხელმძღვანელი მ. მეგრელიშვილი; ბათუმის შოთა რუსთაველის სახელმწიფო უნივერსიტეტი. |
||
| 264 |
_aბათუმი : _bბათუმის შოთა რუსთაველის სახ. უნ-ტი, _c2008. |
||
| 300 |
_a146 გვ. ; _b30 სმ. |
||
| 653 | _aდისერტაცია | ||
| 653 | _aდროისა და ადგილის დეიქსისი,როგორც ენობრივ-კულტურული ფენომენი და მისი ვერბალიზაცია ინგლისურ ენაში | ||
| 653 | _aენათმეცნიერება | ||
| 653 | _a დეიქსისი | ||
| 653 | _a გრამატიკული კატეგორიები | ||
| 653 | _aსემანტიკა | ||
| 653 | _aინგლისური ენის სემანტიკა | ||
| 700 |
_aმეგრელიშვილი, მ. _eსამეცნიერო ხელმძღვანელი _95565 |
||
| 710 |
_aბათუმის შოთა რუსთაველის სახელმწიფო უნივერსიტეტი _910479 |
||
| 942 |
_cBK _2udc |
||